000 00557nam a2200181 a 4500
003 PILC
005 20150112093433.0
008 100723s19uu xx 00 eng d
020 _a0194534468
050 _aPE 1408
_b.C833 1996
082 _aLiSF 808.042
_bC81 1996
100 _aCory, Hugh
_914056
245 _aAdvance writing with english use :
_bCAE /
_cHugh Cory
260 _aWalton Street, Oxford :
_bOxford University Press,
_c1996.
300 _a160 pages :
_billustration ;
_c28 cm.
650 _aWriting skills- English
_914044
942 _2lcc
_cBK
999 _c14475
_d14475